[Event "SVK-chT2D 2223"]
[Site "Slovakia"]
[Date "2022.11.12"]
[Round "3.2"]
[White "Kopczyk, Daniel"]
[Black "Chlpik, Martin"]
[Result "0-1"]
[WhiteElo "2200"]
[BlackElo "2243"]
[PlyCount "70"]
[EventDate "2022.10.08"]
[EventType "team-tourn"]
[EventRounds "11"]
[EventCountry "SVK"]
[SourceTitle "EXT 2024"]
[Source "ChessBase"]
[SourceDate "2023.10.10"]
[SourceVersion "1"]
[SourceVersionDate "2023.10.10"]
[SourceQuality "1"]
[WhiteTeam "Stropkov/Svidnik"]
[BlackTeam "Margecany"]
[WhiteTeamCountry "SVK"]
[BlackTeamCountry "SVK"]

1. e4 c5 2. Nf3 d6 3. d4 cxd4 4. Nxd4 Nf6 5. Nc3 a6 6. Bg5 Nbd7 7. Qd2 b5 8. f3 e6 9. 0-0-0 Bb7 10. Nb3 Be7 11. h4 0-0 12. g4 b4 13. Ne2 a5 14. Nbd4 Qb8 15. Nf4 Nc5 16. Bg2 Re8 17. Nh5 Nxh5 18. gxh5 Bf8 19. Rhg1 d5 20. Bh3 Kh8 21. e5 Qxe5 22. Bf4 Nd3+ 23. cxd3 Qxd4 24. h6 b3 25. Kb1 Rec8 26. Be3 Qxh4 27. hxg7+ Bxg7 28. Rxg7 Rc2 29. Rg4 Rxd2 30. Bd4+ f6 31. Rh1 Qh6 32. axb3 e5 33. Bc3 Rxd3 34. Bg2 Qxh1+ 35. Bxh1 Rd1+ 0-1

[Event "POL-chT 2nd League"]
[Site "Jastrzebia Gora"]
[Date "2022.09.07"]
[Round "5.32"]
[White "Borgula, Rafal"]
[Black "Kopczyk, Daniel"]
[Result "1/2-1/2"]
[WhiteElo "2201"]
[BlackElo "2167"]
[PlyCount "69"]
[EventDate "2022.09.03"]
[EventType "team-swiss"]
[EventRounds "9"]
[EventCountry "POL"]
[SourceTitle "CBM 210 Extra"]
[Source "ChessBase"]
[SourceDate "2022.11.30"]
[SourceVersion "1"]
[SourceVersionDate "2022.11.30"]
[SourceQuality "1"]
[WhiteTeam "Bydgoszcz Wiartrak"]
[BlackTeam "Sanovia Lesko"]
[WhiteTeamCountry "POL"]
[BlackTeamCountry "POL"]

1. d4 Nf6 2. c4 d6 3. Nc3 g6 4. e4 Bg7 5. Nf3 0-0 6. h3 Na6 7. g3 e5 8. Bg2 Re8 9. 0-0 exd4 10. Nxd4 Nc5 11. Re1 a5 12. b3 c6 13. Rb1 Qb6 14. Be3 Qc7 15. Qc2 Qe7 16. Rbd1 Be6 17. Bf4 Rad8 18. Qc1 Bc8 19. Bg5 Ncd7 20. Qa3 h6 21. Bf4 Ne5 22. Qxa5 Bxh3 23. Bxh3 Ra8 24. Qb6 Ra6 25. Nxc6 Nxc6 26. Qe3 Ne5 27. Qe2 g5 28. Bxe5 Qxe5 29. Nd5 Nxd5 30. Rxd5 Qc3 31. Rd3 Rxa2 32. Rxc3 Rxe2 33. Rxe2 Re7 34. Kf1 g4 35. Ke1 1/2-1/2

[Event "POL-chT 2nd League"]
[Site "Jastrzebia Gora"]
[Date "2022.09.04"]
[Round "2.110"]
[White "Kopczyk, Daniel"]
[Black "Szmyd, Arkadiusz"]
[Result "1-0"]
[WhiteElo "2167"]
[BlackElo "2073"]
[PlyCount "147"]
[EventDate "2022.09.03"]
[EventType "team-swiss"]
[EventRounds "9"]
[EventCountry "POL"]
[SourceTitle "CBM 210 Extra"]
[Source "ChessBase"]
[SourceDate "2022.11.30"]
[SourceVersion "1"]
[SourceVersionDate "2022.11.30"]
[SourceQuality "1"]
[WhiteTeam "Sanovia Lesko"]
[BlackTeam "Zory Roszada"]
[WhiteTeamCountry "POL"]
[BlackTeamCountry "POL"]

1. d4 Nf6 2. Nf3 d5 3. e3 e6 4. Bd3 Be7 5. 0-0 0-0 6. Nbd2 b6 7. Ne5 Bb7 8. b3 c5 9. Bb2 Nc6 10. f4 Rc8 11. a3 Nd7 12. Nxd7 Qxd7 13. dxc5 f5 14. cxb6 axb6 15. Nf3 Bf6 16. Bxf6 Rxf6 17. b4 Qc7 18. Qd2 g6 19. Qc3 Rff8 20. Rab1 Rfe8 21. Qb2 Nd8 22. Qe5 Qd7 23. Nd4 Qe7 24. Nb5 Nf7 25. Qd4 Qd8 26. a4 e5 27. fxe5 Nxe5 28. a5 bxa5 29. bxa5 Ba6 30. Na7 Nc6 31. Nxc6 Rxc6 32. Bxa6 Rxa6 33. Rb7 Qf6 34. Qxd5+ Qe6 35. Rd1 Qxd5 36. Rxd5 Rc6 37. Rdd7 h5 38. Rg7+ Kh8 39. Rh7+ Kg8 40. Rbg7+ Kf8 41. Ra7 Kg8 42. Rhc7 Rxc7 43. Rxc7 Ra8 44. Rc5 Kf7 45. Kf2 Ke6 46. Ke2 h4 47. Kd3 g5 48. Kc4 Rd8 49. a6 h3 50. gxh3 f4 51. exf4 gxf4 52. a7 f3 53. Ra5 f2 54. Ra1 Ra8 55. Rf1 Rxa7 56. Rxf2 Rc7+ 57. Kd4 Rd7+ 58. Ke4 Rc7 59. Rd2 Rc3 60. Kd4 Rxh3 61. Kc4 Rh8 62. c3 Rc8+ 63. Kb3 Rb8+ 64. Kc2 Ra8 65. c4 Ra3 66. h4 Rh3 67. Rd4 Ke5 68. Rd5+ Ke6 69. h5 Ke7 70. Kd2 Ke6 71. Rg5 Kd6 72. c5+ Ke6 73. c6 Ke7 74. c7 1-0

[Event "POL-chT 2nd League"]
[Site "Jastrzebia Gora"]
[Date "2022.09.03"]
[Round "1.98"]
[White "Bronowicki, Mateusz"]
[Black "Kopczyk, Daniel"]
[Result "1/2-1/2"]
[WhiteElo "2189"]
[BlackElo "2167"]
[PlyCount "91"]
[EventDate "2022.09.03"]
[EventType "team-swiss"]
[EventRounds "9"]
[EventCountry "POL"]
[SourceTitle "CBM 210 Extra"]
[Source "ChessBase"]
[SourceDate "2022.11.30"]
[SourceVersion "1"]
[SourceVersionDate "2022.11.30"]
[SourceQuality "1"]
[WhiteTeam "Wisznia Mala Bialy Krol"]
[BlackTeam "Sanovia Lesko"]
[WhiteTeamCountry "POL"]
[BlackTeamCountry "POL"]

1. d4 Nf6 2. c4 c5 3. Nf3 cxd4 4. Nxd4 e5 5. Nb5 d5 6. cxd5 a6 7. N5c3 Bc5 8. h3 0-0 9. g4 b5 10. Bg2 Nbd7 11. a3 Bb7 12. 0-0 Rc8 13. e3 Nb6 14. b4 Bd6 15. Qb3 Qe7 16. e4 Rc7 17. Bg5 h6 18. Bh4 g5 19. Bg3 Rfc8 20. Ra2 Rc4 21. f3 h5 22. Bf2 Nbd7 23. Rc1 hxg4 24. hxg4 a5 25. bxa5 Nc5 26. Qd1 Na4 27. Rac2 Bxa3 28. Nxa3 Nxc3 29. Qd2 Qxa3 30. Qxg5+ Kf8 31. Rxc3 Rxc3 32. Rxc3 Qxc3 33. Qxf6 Qc1+ 34. Bf1 Qf4 35. Qxf4 exf4 36. Bxb5 Ke7 37. a6 Ba8 38. Kg2 Kd6 39. a7 Rc2 40. Bd3 Rd2 41. Bb5 f6 42. Kf1 Rb2 43. Be8 Rb1+ 44. Ke2 Rb2+ 45. Kf1 Rb1+ 46. Ke2 1/2-1/2

[Event "Subcarpathian-chT"]
[Site "Bystre"]
[Date "2021.06.11"]
[Round "4.26"]
[White "Miasik, Adrian"]
[Black "Kopczyk, Daniel"]
[Result "1/2-1/2"]
[WhiteElo "1977"]
[BlackElo "2179"]
[PlyCount "76"]
[EventDate "2021.06.09"]
[EventType "team-tourn"]
[EventRounds "9"]
[EventCountry "POL"]
[SourceTitle "EXT 2022"]
[Source "ChessBase"]
[SourceDate "2021.10.06"]
[SourceVersion "1"]
[SourceVersionDate "2021.10.06"]
[SourceQuality "1"]

1. d4 d5 2. Nf3 c6 3. Bf4 Bf5 4. e3 Nf6 5. Bd3 Bxd3 6. Qxd3 e6 7. Nbd2 Be7 8. h3 0-0 9. 0-0 c5 10. c3 Nc6 11. Ne5 Rc8 12. Rad1 a6 13. dxc5 Nxe5 14. Bxe5 Nd7 15. Bd6 Nxc5 16. Bxc5 Rxc5 17. e4 Qc7 18. Nb3 dxe4 19. Qxe4 Re5 20. Qf3 Rf5 21. Qg3 Qc8 22. Rd3 Rd8 23. Rfd1 Rxd3 24. Qxd3 Rd5 25. Qf3 Rxd1+ 26. Qxd1 g6 27. Qd4 Qc7 28. Nd2 Bc5 29. Qh4 Be7 30. Qd4 Bc5 31. Qh4 Kg7 32. Qe4 Qg3 33. Qe2 Qf4 34. Ne4 Ba7 35. g3 Qe5 36. Qf3 h6 37. Kg2 b5 38. b3 Bb6 1/2-1/2

[Event "Subcarpathian-chT"]
[Site "Bystre"]
[Date "2021.06.10"]
[Round "2.26"]
[White "Kopczyk, Daniel"]
[Black "Lach, Tomasz"]
[Result "1-0"]
[WhiteElo "2179"]
[BlackElo "1840"]
[PlyCount "119"]
[EventDate "2021.06.09"]
[EventType "team-tourn"]
[EventRounds "9"]
[EventCountry "POL"]
[SourceTitle "EXT 2022"]
[Source "ChessBase"]
[SourceDate "2021.10.06"]
[SourceVersion "1"]
[SourceVersionDate "2021.10.06"]
[SourceQuality "1"]

1. e4 c6 2. d4 d5 3. Nc3 a6 4. Bd3 dxe4 5. Nxe4 Nf6 6. Nf3 Nxe4 7. Bxe4 Bg4 8. 0-0 e6 9. c4 Nd7 10. Re1 Nf6 11. Bg5 Be7 12. Bxf6 Bxf6 13. d5 cxd5 14. cxd5 0-0 15. h3 Bxf3 16. Qxf3 exd5 17. Bxd5 Rb8 18. Rad1 Qb6 19. Re2 Rbd8 20. Rde1 Qd6 21. Bxb7 a5 22. b3 Qb6 23. Bd5 Qd6 24. Bc4 Qb6 25. a4 Qd6 26. g3 Qb6 27. h4 Qc5 28. Kg2 Rd6 29. Rc1 Qa7 30. Rec2 Qa8 31. Bb5 Qxf3+ 32. Kxf3 g6 33. Rc7 Bd4 34. R1c2 Rf6+ 35. Kg2 Kg7 36. f4 h5 37. Re2 Bb6 38. Rb7 Bc5 39. Bc4 Rd8 40. Kf3 Bb4 41. Re5 Rc8 42. Rd5 Bc3 43. Rdd7 Rf8 44. Rdc7 Bd2 45. Ke2 Bc3 46. Rb5 Re8+ 47. Kf3 Rd8 48. Bxf7 Rd3+ 49. Ke4 Rd4+ 50. Ke3 Rxf7 51. Rxc3 Rd1 52. Rxa5 Re7+ 53. Re5 Rb7 54. a5 Rb1 55. Kd3 Rg1 56. Kc4 Rc7+ 57. Rc5 Re7 58. a6 Ra1 59. Kb5 Ra7 60. Rc7+ 1-0

[Event "POL-chT 2nd League"]
[Site "Jastrzebia Gora"]
[Date "2015.09.09"]
[Round "5.93"]
[White "Kopczyk, Daniel"]
[Black "Garbowski, Jakub"]
[Result "1-0"]
[WhiteElo "2133"]
[BlackElo "2049"]
[PlyCount "67"]
[EventDate "2015.09.05"]
[EventType "team-swiss"]
[EventRounds "9"]
[EventCountry "POL"]
[SourceTitle "EXT 2017"]
[Source "ChessBase"]
[SourceDate "2016.10.25"]
[SourceVersion "1"]
[SourceVersionDate "2016.10.25"]
[SourceQuality "1"]
[WhiteTeam "Stara Wies Parnas"]
[BlackTeam "Jaworzno JKSz MCKiS"]
[WhiteTeamCountry "POL"]
[BlackTeamCountry "POL"]

1. e4 e5 2. Nf3 Nc6 3. Bc4 Nf6 4. d3 Bc5 5. c3 a6 6. b4 Ba7 7. Bg5 d6 8. Nbd2 h6 9. Bh4 g5 10. Bg3 Qe7 11. a4 Nd8 12. Qb3 c6 13. b5 Ne6 14. b6 Nc5 15. Qb1 Bb8 16. 0-0 0-0 17. Re1 Be6 18. d4 Ncd7 19. a5 g4 20. Nh4 d5 21. exd5 cxd5 22. dxe5 dxc4 23. exf6 Qxf6 24. Ne4 Qg7 25. Nd6 Nc5 26. Nhf5 Qg5 27. Bh4 Bxf5 28. Nxf5 Qf4 29. g3 Qd2 30. Rd1 Qxc3 31. Ne7+ Kh8 32. Nd5 Qf3 33. Bf6+ Kg8 34. Ne7# 1-0

[Event "POL-chT 2nd League"]
[Site "Jastrzebia Gora"]
[Date "2015.09.05"]
[Round "1.93"]
[White "Malecki, Rafal"]
[Black "Kopczyk, Daniel"]
[Result "1-0"]
[WhiteElo "2090"]
[BlackElo "2133"]
[PlyCount "151"]
[EventDate "2015.09.05"]
[EventType "team-swiss"]
[EventRounds "9"]
[EventCountry "POL"]
[SourceTitle "EXT 2017"]
[Source "ChessBase"]
[SourceDate "2016.10.25"]
[SourceVersion "1"]
[SourceVersionDate "2016.10.25"]
[SourceQuality "1"]
[WhiteTeam "Chroscice LZS Victoria"]
[BlackTeam "Stara Wies Parnas"]
[WhiteTeamCountry "POL"]
[BlackTeamCountry "POL"]

1. Nf3 Nf6 2. g3 g6 3. Bg2 Bg7 4. d3 d5 5. 0-0 0-0 6. Nbd2 Nc6 7. e4 dxe4 8. dxe4 Be6 9. c3 h6 10. Qc2 Qd7 11. Nb3 Bxb3 12. axb3 Rfd8 13. b4 a6 14. Re1 e5 15. Qb3 Qe7 16. Nh4 Kh7 17. Bf1 Ne8 18. Be3 Nd6 19. Bc5 Rab8 20. Bc4 Bf6 21. Ng2 Kg7 22. Ne3 Qe8 23. Nd5 Nxc4 24. Qxc4 Qe6 25. Qe2 Rd7 26. h4 Ne7 27. c4 c6 28. Nb6 Rdd8 29. Rad1 Ng8 30. b3 h5 31. Kg2 Be7 32. Rxd8 Bxd8 33. Rd1 Bc7 34. Rd3 Nf6 35. f3 Rd8 36. Rxd8 Bxd8 37. Qd2 Bxb6 38. Bxb6 Qd7 39. Qc3 Qd6 40. Bc5 Qe6 41. Qd3 Nd7 42. Be3 f6 43. Bd2 Kf7 44. Kf2 Nf8 45. Bh6 Qd7 46. Qxd7+ Nxd7 47. Bd2 Ke6 48. g4 b5 49. Ke3 Kf7 50. Bc3 Nf8 51. f4 hxg4 52. f5 gxf5 53. exf5 Kg7 54. Kf2 Kh6 55. c5 Kh5 56. Kg3 Nd7 57. Bb2 a5 58. bxa5 Nxc5 59. Ba3 Na6 60. Be7 c5 61. Bxf6 e4 62. Kf4 e3 63. Kxe3 g3 64. Kf3 g2 65. Kxg2 Kg4 66. Bc3 Kxf5 67. Kf3 Nc7 68. Bd2 Na6 69. h5 c4 70. bxc4 bxc4 71. h6 Kg6 72. Ke4 Nc5+ 73. Kd5 Nb3 74. a6 Nxd2 75. a7 Kxh6 76. a8Q 1-0

[Event "POL-chT 2nd League"]
[Site "Szczyrk"]
[Date "2014.09.12"]
[Round "7.50"]
[White "Kopczyk, Daniel"]
[Black "Mroziak, Maciej"]
[Result "1/2-1/2"]
[WhiteElo "2178"]
[BlackElo "2322"]
[PlyCount "81"]
[EventDate "2014.09.06"]
[EventType "team-swiss"]
[EventRounds "9"]
[EventCountry "POL"]
[SourceTitle "EXT 2015"]
[Source "ChessBase"]
[SourceDate "2014.11.20"]
[SourceVersion "1"]
[SourceVersionDate "2014.11.20"]
[SourceQuality "1"]
[WhiteTeam "Stara Wies Parnas"]
[BlackTeam "Gliwice Politechnika Slaska"]
[WhiteTeamCountry "POL"]
[BlackTeamCountry "POL"]

1. e4 c5 2. Nf3 e6 3. d4 cxd4 4. Nxd4 Nc6 5. Nc3 Qc7 6. Be3 a6 7. g3 d6 8. Bg2 Bd7 9. 0-0 Be7 10. f4 h5 11. Nce2 Nf6 12. h3 Rc8 13. Rc1 b5 14. c3 Na5 15. b3 Rd8 16. Qd3 Bc8 17. f5 e5 18. Nc2 Nb7 19. Nb4 Nc5 20. Qb1 Bb7 21. c4 bxc4 22. Nc3 cxb3 23. Ncd5 Nxd5 24. Nxd5 Bxd5 25. exd5 bxa2 26. Qxa2 a5 27. Qe2 Rb8 28. Rc3 Kf8 29. Rfc1 a4 30. Ra1 Rb4 31. Qc2 Qd7 32. Kh2 Qb5 33. Ra2 Kg8 34. Rca3 Rc4 35. Qe2 Rb4 36. Qxb5 Rxb5 37. Bxc5 Rxc5 38. Rxa4 Rc7 39. Ra7 Rxa7 40. Rxa7 Bf8 41. Bf1 1/2-1/2

[Event "POL-chT 2nd League"]
[Site "Szczyrk"]
[Date "2014.09.06"]
[Round "1.44"]
[White "Kopczyk, Daniel"]
[Black "Borgula, Rafal"]
[Result "0-1"]
[WhiteElo "2178"]
[BlackElo "2271"]
[PlyCount "84"]
[EventDate "2014.09.06"]
[EventType "team-swiss"]
[EventRounds "9"]
[EventCountry "POL"]
[SourceTitle "EXT 2015"]
[Source "ChessBase"]
[SourceDate "2014.11.20"]
[SourceVersion "1"]
[SourceVersionDate "2014.11.20"]
[SourceQuality "1"]
[WhiteTeam "Stara Wies Parnas"]
[BlackTeam "Znin Baszta II"]
[WhiteTeamCountry "POL"]
[BlackTeamCountry "POL"]

1. g3 d5 2. Bg2 c6 3. Nf3 Nf6 4. 0-0 Bf5 5. b3 e6 6. Bb2 Be7 7. d3 0-0 8. Nbd2 Nbd7 9. Qe1 a5 10. e4 Bg6 11. h3 a4 12. Nh2 Qb6 13. Rb1 axb3 14. axb3 Ra2 15. Kh1 Qc5 16. Qe2 Rfa8 17. e5 Ne8 18. Rfc1 Nc7 19. f4 Nb5 20. g4 Nc3 21. Bxc3 Qxc3 22. f5 exf5 23. e6 Qe5 24. Qxe5 Nxe5 25. d4 fxe6 26. dxe5 fxg4 27. Nxg4 Bxc2 28. Nf3 Bxb1 29. Rxb1 Ra1 30. Rxa1 Rxa1+ 31. Kh2 c5 32. b4 cxb4 33. Nd4 Kf7 34. h4 h5 35. Ne3 Bc5 36. Nec2 Rc1 37. Bh3 Rxc2+ 38. Nxc2 b3 39. Na3 Bxa3 40. Bf1 Bb2 41. Kg3 Bxe5+ 42. Kf3 Bf6 0-1

[Event "POL-chT3 Podkarpackie"]
[Site "Pstragowa"]
[Date "2014.05.02"]
[Round "5.15"]
[White "Fistek, Dariusz"]
[Black "Kopczyk, Daniel"]
[Result "0-1"]
[WhiteElo "2237"]
[BlackElo "2169"]
[PlyCount "74"]
[EventDate "2014.04.30"]
[EventType "team-tourn"]
[EventRounds "9"]
[EventCountry "POL"]
[SourceTitle "EXT 2015"]
[Source "ChessBase"]
[SourceDate "2014.11.20"]
[SourceVersion "1"]
[SourceVersionDate "2014.11.20"]
[SourceQuality "1"]
[WhiteTeam "Przemysl MKS Polonia"]
[BlackTeam "Stara Wies Parnas"]
[WhiteTeamCountry "POL"]
[BlackTeamCountry "POL"]

1. d4 Nf6 2. c4 g6 3. Nc3 Bg7 4. g3 0-0 5. Bg2 d6 6. Nf3 Nc6 7. 0-0 a6 8. h3 Rb8 9. e4 Nd7 10. d5 Na5 11. Qd3 c5 12. Rb1 b5 13. cxb5 axb5 14. b4 cxb4 15. Rxb4 Nc5 16. Qc2 Bd7 17. Bd2 Rc8 18. Nxb5 Na6 19. Qd3 Nxb4 20. Bxb4 Qb6 21. a4 Nc4 22. Ra1 Nb2 23. Qa3 Nxa4 24. Bxd6 Bxb5 25. Bxe7 Nc3 26. Qb3 Ne2+ 27. Kh2 Qxf2 28. Qxb5 Qxg3+ 29. Kh1 Rc3 30. Qb2 Rc1+ 31. Qxc1 Nxc1 32. d6 Ne2 33. d7 Qc7 34. Bxf8 Bxf8 35. Ra7 Qc1+ 36. Kh2 Bd6+ 37. e5 Bxe5+ 0-1

[Event "Krakow op-A 19th"]
[Site "Krakow"]
[Date "2009.01.03"]
[Round "8"]
[White "Stoma, Pawel"]
[Black "Kopczyk, Daniel"]
[Result "1-0"]
[WhiteElo "2268"]
[BlackElo "2153"]
[PlyCount "103"]
[EventDate "2008.12.26"]
[EventType "swiss"]
[EventRounds "9"]
[EventCountry "POL"]
[SourceTitle "CBM 128 Extra"]
[Source "ChessBase"]
[SourceDate "2009.03.05"]
[SourceVersion "2"]
[SourceVersionDate "2009.03.25"]
[SourceQuality "1"]

1. e4 c5 2. Nc3 d6 3. Nf3 Nf6 4. d4 cxd4 5. Nxd4 a6 6. a4 g6 7. g3 Bg7 8. Bg2 0-0 9. 0-0 Nc6 10. Nde2 Rb8 11. Nd5 b5 12. axb5 axb5 13. Bg5 Nd7 14. c3 h6 15. Be3 Bb7 16. Re1 Nce5 17. Nd4 Nc5 18. b4 Ncd3 19. Re2 e6 20. f4 exd5 21. exd5 Nxb4 22. cxb4 Ng4 23. Kh1 Nxe3 24. Rxe3 Qb6 25. Rd3 Ra8 26. Rb1 Ra2 27. Nc6 Qf2 28. Qf3 Re8 29. Qxf2 Rxf2 30. Bf1 Bc8 31. Rbd1 Bg4 32. R3d2 Bxd1 33. Rxf2 Bb3 34. Rd2 Re3 35. Kg1 Bc4 36. Bxc4 bxc4 37. Rc2 c3 38. Kf2 Re8 39. b5 Re4 40. b6 Bd4+ 41. Nxd4 Rxd4 42. Rxc3 Rb4 43. Rc6 Kf8 44. Rxd6 Ke7 45. Rc6 Rb5 46. Rc7+ Kd6 47. Rxf7 Kxd5 48. Rf6 Rb2+ 49. Kf3 h5 50. Rxg6 Rb3+ 51. Kg2 Ke4 52. Kh3 1-0

[Event "Krakow op-A 19th"]
[Site "Krakow"]
[Date "2009.01.02"]
[Round "7"]
[White "Kopczyk, Daniel"]
[Black "Andersen, Lars Even"]
[Result "1/2-1/2"]
[WhiteElo "2153"]
[BlackElo "2262"]
[PlyCount "24"]
[EventDate "2008.12.26"]
[EventType "swiss"]
[EventRounds "9"]
[EventCountry "POL"]
[SourceTitle "CBM 128 Extra"]
[Source "ChessBase"]
[SourceDate "2009.03.05"]
[SourceVersion "2"]
[SourceVersionDate "2009.03.25"]
[SourceQuality "1"]

1. d4 Nf6 2. c4 Nc6 3. Nf3 e6 4. Nc3 Bb4 5. e3 0-0 6. Bd3 d6 7. 0-0 e5 8. Nd5 Re8 9. dxe5 Nxd5 10. cxd5 Nxe5 11. Be2 Nxf3+ 12. Bxf3 Bf5 1/2-1/2

[Event "Krakow op-A 19th"]
[Site "Krakow"]
[Date "2008.12.31"]
[Round "6"]
[White "Cechura, Petr"]
[Black "Kopczyk, Daniel"]
[Result "0-1"]
[WhiteElo "2249"]
[BlackElo "2153"]
[PlyCount "114"]
[EventDate "2008.12.26"]
[EventType "swiss"]
[EventRounds "9"]
[EventCountry "POL"]
[SourceTitle "CBM 128 Extra"]
[Source "ChessBase"]
[SourceDate "2009.03.05"]
[SourceVersion "2"]
[SourceVersionDate "2009.03.25"]
[SourceQuality "1"]

1. e4 c5 2. Nf3 d6 3. d4 Nf6 4. Nc3 cxd4 5. Nxd4 a6 6. f3 e5 7. Nb3 Be6 8. Be3 Nbd7 9. g4 h6 10. Qd2 Be7 11. 0-0-0 Rc8 12. h4 b5 13. Kb1 Nb6 14. Qf2 Rb8 15. Nc5 Bc8 16. Rg1 Qc7 17. Nb3 Na4 18. Nd5 Nxd5 19. exd5 Nb6 20. f4 Nc4 21. fxe5 Nxe5 22. Be2 Qd8 23. g5 g6 24. Ba7 Rb7 25. Bd4 h5 26. Nc5 0-0 27. Nxb7 Bxb7 28. Bxe5 dxe5 29. Bf3 Qd6 30. Qe2 Re8 31. Be4 Bf8 32. Rgf1 Bg7 33. Rf3 Bc8 34. Re3 Bg4 35. Bf3 Bf5 36. Rf1 e4 37. Bg2 Bd4 38. Rxe4 Bxe4 39. Bxe4 Qb4 40. c3 Bxc3 41. Qc2 Bxb2 42. Qxb2 Qxe4+ 43. Ka1 Qxd5 44. Qf2 Re4 45. Rc1 Qd4+ 46. Qb2 Qxb2+ 47. Kxb2 Rxh4 48. Rc6 Rg4 49. Rxa6 Rxg5 50. Ra5 h4 51. a4 Rg2+ 52. Kc3 bxa4 53. Rxa4 g5 54. Kd3 h3 55. Ra1 h2 56. Rh1 g4 57. Ke3 Kg7 0-1

[Event "Krakow op-A 19th"]
[Site "Krakow"]
[Date "2008.12.30"]
[Round "5"]
[White "Kopczyk, Daniel"]
[Black "Gawronski, Lukasz"]
[Result "1-0"]
[WhiteElo "2153"]
[BlackElo "2066"]
[PlyCount "99"]
[EventDate "2008.12.26"]
[EventType "swiss"]
[EventRounds "9"]
[EventCountry "POL"]
[SourceTitle "CBM 128 Extra"]
[Source "ChessBase"]
[SourceDate "2009.03.05"]
[SourceVersion "2"]
[SourceVersionDate "2009.03.25"]
[SourceQuality "1"]

1. e4 c5 2. Nf3 Nc6 3. d4 cxd4 4. Nxd4 Nf6 5. Nc3 e5 6. Ndb5 d6 7. Bg5 a6 8. Na3 b5 9. Nd5 Be7 10. Bxf6 Bxf6 11. c3 Bg5 12. Nc2 Rb8 13. Be2 0-0 14. Nce3 Be6 15. 0-0 Ne7 16. Bf3 Bxe3 17. Nxe3 Qb6 18. Qd2 Rfd8 19. Rfd1 Rd7 20. h4 Rbd8 21. b3 Qc5 22. c4 b4 23. g3 a5 24. Bg2 Ra7 25. Kh2 a4 26. a3 Nc6 27. axb4 Qxb4 28. Qxb4 Nxb4 29. Rxa4 Rxa4 30. bxa4 Na6 31. a5 Kf8 32. Nd5 Rc8 33. Bf1 Rc5 34. Ra1 Ke8 35. Kg2 Kd8 36. Kf3 Kc8 37. Ke3 Kb7 38. f4 exf4+ 39. gxf4 Nc7 40. Nxc7 Rxc7 41. Kd4 Ka7 42. Rb1 Rc5 43. e5 Rxa5 44. exd6 Rf5 45. Bh3 Rxf4+ 46. Ke5 Rxc4 47. Bxe6 fxe6 48. d7 Rc5+ 49. Kxe6 Rc6+ 50. Ke7 1-0

[Event "Krakow op-A 19th"]
[Site "Krakow"]
[Date "2008.12.28"]
[Round "2"]
[White "Sowul, Bartosz"]
[Black "Kopczyk, Daniel"]
[Result "1/2-1/2"]
[WhiteElo "2000"]
[BlackElo "2153"]
[PlyCount "175"]
[EventDate "2008.12.26"]
[EventType "swiss"]
[EventRounds "9"]
[EventCountry "POL"]
[SourceTitle "CBM 128 Extra"]
[Source "ChessBase"]
[SourceDate "2009.03.05"]
[SourceVersion "2"]
[SourceVersionDate "2009.03.25"]
[SourceQuality "1"]

1. e4 c5 2. Nf3 a6 3. Nc3 Nc6 4. d4 cxd4 5. Nxd4 e6 6. Be3 Nf6 7. Bd3 Qc7 8. 0-0 Be7 9. f4 d6 10. Qf3 0-0 11. Rae1 Bd7 12. Kh1 b5 13. Nxc6 Bxc6 14. Bd4 b4 15. Nd1 Qb7 16. Nf2 Nd7 17. Qg3 e5 18. fxe5 Nxe5 19. Bxe5 dxe5 20. Qxe5 Bf6 21. Qf5 Bxb2 22. Ng4 g6 23. Qg5 Bg7 24. Nf6+ Bxf6 25. Rxf6 Rae8 26. e5 Re6 27. Bf5 Bxg2+ 28. Kg1 h6 29. Qxh6 Bh1 30. Qg5 Rxf6 31. exf6 Qg2+ 32. Qxg2 Bxg2 33. Bd3 Bd5 34. Bxa6 Bxa2 35. Re4 Rb8 36. Bd3 Rb6 37. Rf4 Bd5 38. Kf2 b3 39. cxb3 Rxb3 40. Be2 Rh3 41. Kg1 Kh7 42. Bg4 Rh4 43. h3 Be6 44. Kg2 Kh6 45. Kg3 Kg5 46. Rb4 Bxg4 47. hxg4 Rh1 48. Rb5+ Kxf6 49. g5+ Kg7 50. Rb3 Rf1 51. Ra3 Rd1 52. Re3 Kf8 53. Kg4 Rd7 54. Kf4 Rd4+ 55. Kg3 Rd6 56. Kf4 Rd7 57. Kg4 Re7 58. Rd3 Re4+ 59. Kf3 Re1 60. Ra3 Ke7 61. Kf4 Rf1+ 62. Kg4 f5+ 63. gxf6+ Kxf6 64. Ra6+ Kg7 65. Ra3 Rb1 66. Rc3 Rb4+ 67. Kg3 Kh6 68. Ra3 Kh5 69. Rc3 g5 70. Ra3 Rb1 71. Kg2 Kh4 72. Ra4+ g4 73. Ra3 Rb2+ 74. Kg1 Rd2 75. Rb3 Rd4 76. Kh2 Ra4 77. Rc3 Rf4 78. Kg2 Re4 79. Kh2 Re2+ 80. Kg1 Kg5 81. Rb3 Kf4 82. Ra3 Re3 83. Rxe3 Kxe3 84. Kg2 Ke4 85. Kg3 Kf5 86. Kg2 Kg6 87. Kg3 Kh5 88. Kg2 1/2-1/2

[Event "POL-chT 2nd League"]
[Site "Lublin"]
[Date "2006.09.08"]
[Round "7.75"]
[White "Barwinski, Dionizy"]
[Black "Kopczyk, Daniel"]
[Result "1/2-1/2"]
[WhiteElo "2191"]
[BlackElo "2168"]
[PlyCount "92"]
[EventDate "2006.09.02"]
[EventType "team-swiss"]
[EventRounds "9"]
[EventCountry "POL"]
[SourceTitle "EXT 2019"]
[Source "ChessBase"]
[SourceDate "2018.10.10"]
[SourceVersion "1"]
[SourceVersionDate "2018.10.10"]
[SourceQuality "1"]
[WhiteTeam "Pultusk Nadnarwianka"]
[BlackTeam "Stara Wies Parnas"]
[WhiteTeamCountry "POL"]
[BlackTeamCountry "POL"]

1. d4 Nf6 2. c4 c5 3. d5 b5 4. cxb5 a6 5. b6 g6 6. Nc3 Qxb6 7. Nf3 Bg7 8. e4 0-0 9. Be2 d6 10. 0-0 Nbd7 11. h3 Bb7 12. Qc2 Rfb8 13. Nd2 Bc8 14. Kh2 Ne8 15. f4 Qd8 16. Nc4 a5 17. a4 Nc7 18. Ra3 Na6 19. Nb5 Nb4 20. Qd2 Nf6 21. Re3 Ba6 22. Nc3 Ra7 23. b3 Rd7 24. g4 e6 25. dxe6 fxe6 26. g5 Ne8 27. Bg4 Re7 28. Ref3 d5 29. Rd1 Bd4 30. Ne3 Bxc3 31. Qxc3 d4 32. Qxc5 Nd3 33. Rxd3 Bxd3 34. Nd5 exd5 35. Rxd3 Rxe4 36. Rxd4 Qd6 37. Qxd6 Nxd6 38. Rxd5 Nf5 39. Bf3 Rd4 40. Rxa5 Rc8 41. Ba3 Rd2+ 42. Kg1 Ra2 43. Bd5+ Kg7 44. Bc5 Re8 45. Bb4 Ra1+ 46. Kf2 Ra2+ 1/2-1/2

[Event "POL-chT 2nd League"]
[Site "Lublin"]
[Date "2006.09.04"]
[Round "3.58"]
[White "Kopczyk, Daniel"]
[Black "Sapeta, Robert"]
[Result "0-1"]
[WhiteElo "2168"]
[BlackElo "2121"]
[PlyCount "82"]
[EventDate "2006.09.02"]
[EventType "team-swiss"]
[EventRounds "9"]
[EventCountry "POL"]
[SourceTitle "EXT 2019"]
[Source "ChessBase"]
[SourceDate "2018.10.10"]
[SourceVersion "1"]
[SourceVersionDate "2018.10.10"]
[SourceQuality "1"]
[WhiteTeam "Stara Wies Parnas"]
[BlackTeam "Pniowek 74"]
[WhiteTeamCountry "POL"]
[BlackTeamCountry "POL"]

1. d4 Nf6 2. c4 g6 3. Nc3 Bg7 4. e4 d6 5. Nf3 0-0 6. Be2 e5 7. 0-0 Nc6 8. d5 Ne7 9. Ne1 Nd7 10. f3 a5 11. Nd3 f5 12. g4 Kh8 13. Be3 Ng8 14. Kg2 c5 15. dxc6 bxc6 16. Nf2 f4 17. Bd2 Nc5 18. Be1 Ne6 19. Nd3 c5 20. Nb5 Nd4 21. Nxd4 exd4 22. Bd2 Be5 23. Qc1 Qf6 24. h4 h5 25. g5 Qf7 26. b3 Ne7 27. a3 Nc6 28. Rb1 Be6 29. Rb2 Rab8 30. Qc2 a4 31. bxa4 Bxc4 32. Rfb1 Rxb2 33. Rxb2 Bg7 34. Rb6 Bxd3 35. Bxd3 Ne5 36. Rxd6 Nxd3 37. Qxd3 c4 38. Qb1 c3 39. Be1 Qc7 40. Rd5 c2 41. Qc1 Qc4 0-1